Katy Perry Guess the Lyric - Statistics

General Stats
  • This quiz has been taken 1,669 times
  • The average score is 4 of 7
Answer Stats
Hint Answer % Correct
Westcoast represent Now put your hands up California Girls
82%
I got so brave, drink in hand Lost my discretion I Kissed a Girl
70%
Someone call the doctor Got a case of a love bi-polar Hot n Cold
69%
Yeah, we maxed our credit cards And got kicked out of the bar Last Friday Night
57%
They say be afraid You're not like the others E T
52%
Was always tearing at the seams I fell deep, you let me down Part Of Me
43%
You're the best, and yes, I do regret, How I could let myself let you go Thinking of you
43%
No matching quizzes found
Score Distribution
Percent of People with Each Score
Percentile by Number Answered
Your Score History
You have not taken this quiz